000 00413nam a2200145 4500
001 118894
003 ES-MaACL
005 20230906191212.0
007 t|
008 070214s1911 mx r ||||1| spa d
100 1 _aPeust, O.
_991581
245 1 0 _aMéxico y el problema obrero rural /
_cO. Peust.
260 _aMéxico :
_b[s.n.],
_c1911 (
_fImprenta de la Secretaría de Fomento)
852 _aES-MaACL
_j1527-F-12
999 _c118894
_d118894